[Event "9. United Insurance 2009"]
[Site "Dahka BAN"]
[Date "2009.08.21"]
[Round "1.1"]
[White "Mchedlishvili, Mikheil"]
[Black "Ahmed, Sk. Nasir"]
[Result "1-0"]
[WhiteElo "2592"]
[BlackElo "2291"]
[PlyCount "127"]
[EventDate "2009.08.21"]
[EventType "swiss"]
[EventRounds "10"]
[EventCountry "BAN"]
[Source "lmi"]
[SourceDate "2009.08.21"]

1. d4 Nf6 2. c4 e6 3. g3 d5 4. Bg2 Bb4+ 5. Bd2 Be7 6. Nf3 O-O 7. O-O c5 8. cxd5
exd5 9. Nc3 Nc6 10. Bg5 Be6 11. dxc5 Bxc5 12. Rc1 Be7 13. Nd4 Nxd4 14. Qxd4 h6
15. Be3 Qa5 16. Qa4 Qxa4 17. Nxa4 b6 18. Nc3 Bc5 19. Bf4 Rad8 20. a3 Bg4 21. b4
Bd6 22. Bxd6 Rxd6 23. Nb5 Rd7 24. Nd4 Re7 25. e3 Rc8 26. Rxc8+ Bxc8 27. Rc1 Be6
28. Bf1 Ne8 29. Nb5 Kf8 30. Bd3 Rb7 31. Kf1 Ke7 32. Ke2 Bd7 33. Nd4 Rc7 34. Ra1
Nd6 35. f3 Kd8 36. Kd2 Ke7 37. g4 Kd8 38. h4 Ke7 39. g5 hxg5 40. hxg5 Rc8 41.
Rh1 a5 42. bxa5 bxa5 43. Rh7 Kf8 44. Rh8+ Ke7 45. Rxc8 Nxc8 46. Nb3 a4 47. Nc5
Bc6 48. Kc3 Kd6 49. Kb4 Nb6 50. f4 Be8 51. Bc2 Nc4 52. e4 Ne3 53. e5+ Ke7 54.
Bxa4 Bxa4 55. Kxa4 d4 56. Kb5 f6 57. exf6+ gxf6 58. g6 f5 59. a4 Nd5 60. a5 Kf6
61. Kc4 Nxf4 62. a6 d3 63. Nxd3 Ne6 64. a7 1-0

[Event "9. United Insurance 2009"]
[Site "Dahka BAN"]
[Date "2009.08.21"]
[Round "1.2"]
[White "Chatterjee, Debaraj"]
[Black "Gagunashvili, Merab"]
[Result "0-1"]
[WhiteElo "2281"]
[BlackElo "2574"]
[PlyCount "136"]
[EventDate "2009.08.21"]
[EventType "swiss"]
[EventRounds "10"]
[EventCountry "BAN"]
[Source "lmi"]
[SourceDate "2009.08.21"]

1. d4 d5 2. c4 c6 3. Nf3 Nf6 4. Nc3 dxc4 5. a4 Bf5 6. e3 e6 7. Bxc4 Bb4 8. O-O
O-O 9. Qe2 Nbd7 10. e4 Bg4 11. Rd1 Qc7 12. h3 Bxf3 13. Qxf3 e5 14. d5 Nb6 15.
Bb3 cxd5 16. Nxd5 Nbxd5 17. exd5 Ne8 18. Qe2 Qe7 19. Be3 Nd6 20. Rac1 a5 21.
Bc5 Bxc5 22. Rxc5 Rfc8 23. Rdc1 g6 24. Rxc8+ Rxc8 25. Rxc8+ Nxc8 26. Qb5 Qc7
27. d6 Qc1+ 28. Kh2 Qf4+ 29. Kg1 Nxd6 30. Qxa5 Ne4 31. Qe1 Nc5 32. Bc2 Qc4 33.
Qc3 Qxc3 34. bxc3 Kf8 35. Kf1 Ke7 36. Ke2 Kd6 37. c4 Ne6 38. Be4 b6 39. Kd2 f5
40. Bd5 Nf4 41. Bg8 Nxg2 42. Bxh7 Nh4 43. Bg8 Kc5 44. Kc3 Ng2 45. Bh7 Nf4 46.
h4 e4 47. h5 gxh5 48. Bxf5 h4 49. Bxe4 Nh3 50. Bd5 Nxf2 51. Kd2 Ng4 52. Ke2 Ne5
53. Kf2 Nxc4 54. Be6 Ne5 55. Kg2 Kb4 56. Kh3 Kxa4 57. Kxh4 b5 58. Kg3 Kb4 59.
Kf4 Nd3+ 60. Ke3 Kc3 61. Bg8 Nc1 62. Bf7 b4 63. Bg8 Nd3 64. Ke2 Nb2 65. Bf7 Nc4
66. Kd1 b3 67. Bg6 b2 68. Bh7 Ne3+ 0-1

[Event "9. United Insurance 2009"]
[Site "Dahka BAN"]
[Date "2009.08.21"]
[Round "1.5"]
[White "Ismagambetov, Anuar"]
[Black "Vinoth Kumar, M."]
[Result "1-0"]
[WhiteElo "2531"]
[BlackElo "2208"]
[PlyCount "83"]
[EventDate "2009.08.21"]
[EventType "swiss"]
[EventRounds "10"]
[EventCountry "BAN"]
[Source "lmi"]
[SourceDate "2009.08.21"]

1. e4 e6 2. d4 d5 3. Nd2 Nf6 4. e5 Nfd7 5. Bd3 c5 6. c3 Nc6 7. Ne2 f6 8. Nf4
Qe7 9. Qh5+ Qf7 10. Bg6 hxg6 11. Qxh8 cxd4 12. O-O Ndxe5 13. cxd4 Nxd4 14. Nb3
Ndc6 15. Bd2 g5 16. Ne2 Bd7 17. Rac1 O-O-O 18. Qh3 Bd6 19. f4 gxf4 20. Bxf4 Kb8
21. Ned4 Qe7 22. Nb5 g5 23. Be3 Nc4 24. Nxd6 Qxd6 25. Bc5 Qe5 26. Rcd1 Qc7 27.
Rxf6 d4 28. Qd3 N4e5 29. Qg3 Bc8 30. Nxd4 Rd5 31. Nxc6+ bxc6 32. Bd4 Nd7 33.
Bxa7+ Kb7 34. Qxc7+ Kxc7 35. Rxe6 c5 36. b4 cxb4 37. Rc1+ Kd8 38. Be3 Bb7 39.
Rg6 Ra5 40. Bb6+ Nxb6 41. Rxb6 Bd5 42. Rxb4 1-0

[Event "9. United Insurance 2009"]
[Site "Dahka BAN"]
[Date "2009.08.21"]
[Round "1.6"]
[White "Mohammad, Javed"]
[Black "Rausis, Igor"]
[Result "0-1"]
[WhiteElo "2204"]
[BlackElo "2512"]
[PlyCount "72"]
[EventDate "2009.08.21"]
[EventType "swiss"]
[EventRounds "10"]
[EventCountry "BAN"]
[Source "lmi"]
[SourceDate "2009.08.21"]

1. e4 c6 2. d4 d5 3. Nc3 dxe4 4. Nxe4 Bf5 5. Ng3 Bg6 6. h4 h6 7. Nf3 e6 8. Ne5
Bh7 9. Qh5 Qc7 10. Bd3 Bxd3 11. Nxd3 Nf6 12. Qe2 Bd6 13. Ne4 Nbd7 14. Nxd6+
Qxd6 15. Be3 Qd5 16. Nf4 Qa5+ 17. Bd2 Qa4 18. c3 O-O 19. Nd3 Rfe8 20. b3 Qa3
21. O-O Rad8 22. c4 b5 23. Rfc1 Qd6 24. Bc3 bxc4 25. bxc4 Rb8 26. Ne5 Qc7 27.
Rd1 Red8 28. Nxd7 Nxd7 29. Rac1 Qf4 30. g3 Qf5 31. Rd3 Nf6 32. Kg2 Rd7 33. Re3
Qg4 34. Qc2 Nh5 35. Re4 Qg6 36. Qe2 f5 0-1

[Event "9. United Insurance 2009"]
[Site "Dahka BAN"]
[Date "2009.08.21"]
[Round "1.7"]
[White "Khusnutdinov, Rustam"]
[Black "Gaparkhoev, Islam"]
[Result "1-0"]
[WhiteElo "2506"]
[BlackElo "2091"]
[PlyCount "81"]
[EventDate "2009.08.21"]
[EventType "swiss"]
[EventRounds "10"]
[EventCountry "BAN"]
[Source "lmi"]
[SourceDate "2009.08.21"]

1. e4 e5 2. Nf3 Nc6 3. Bb5 a6 4. Ba4 g6 5. d4 exd4 6. Bg5 f6 7. Bh4 Be7 8. Nxd4
Nh6 9. Nc3 Nf7 10. Nde2 g5 11. Bg3 Nce5 12. Bb3 d6 13. Nd4 Bg4 14. f3 Bd7 15.
Be6 c6 16. Qe2 Qc8 17. Bxd7+ Qxd7 18. Nf5 O-O-O 19. O-O-O Rhe8 20. h4 h6 21.
Bf2 b5 22. Bb6 Bf8 23. hxg5 fxg5 24. Qf2 Kb7 25. Bxd8 Qxd8 26. Kb1 Qa5 27. Ne2
Nc4 28. Ned4 Qb6 29. Ne3 Bg7 30. Nxc4 bxc4 31. c3 Ne5 32. Qe2 Nd3 33. Rxd3 cxd3
34. Qxd3 Bxd4 35. Qxd4 Qxd4 36. cxd4 Re6 37. Kc2 Kc7 38. Kd3 Kb7 39. b4 Kc7 40.
Rc1 Kb7 41. Rxc6 1-0

[Event "9. United Insurance 2009"]
[Site "Dahka BAN"]
[Date "2009.08.21"]
[Round "1.9"]
[White "Neelotpal, Das"]
[Black "Nepali, Badrilal"]
[Result "1-0"]
[WhiteElo "2474"]
[BlackElo "2162"]
[PlyCount "37"]
[EventDate "2009.08.21"]
[EventType "swiss"]
[EventRounds "10"]
[EventCountry "BAN"]
[Source "lmi"]
[SourceDate "2009.08.21"]

1. e4 c5 2. Nf3 d6 3. Nc3 Nf6 4. d4 cxd4 5. Nxd4 a6 6. Be3 e6 7. Be2 Nc6 8. f4
Qc7 9. Qd2 Be7 10. O-O-O Nxd4 11. Qxd4 b5 12. e5 dxe5 13. Qxe5 Qb8 14. Bf3 Bb7
15. Nxb5 Qxe5 16. fxe5 Bxf3 17. Nc7+ Kf8 18. gxf3 Nd5 19. Rxd5 1-0

[Event "9. United Insurance 2009"]
[Site "Dahka BAN"]
[Date "2009.08.21"]
[Round "1.11"]
[White "Bakre, Tejas"]
[Black "Shrestha, Keshav"]
[Result "1-0"]
[WhiteElo "2453"]
[BlackElo "2134"]
[PlyCount "131"]
[EventDate "2009.08.21"]
[EventType "swiss"]
[EventRounds "10"]
[EventCountry "BAN"]
[Source "lmi"]
[SourceDate "2009.08.21"]

1. d4 d5 2. Nf3 Nf6 3. e3 e6 4. Bd3 Nbd7 5. O-O Bd6 6. Nbd2 e5 7. e4 dxe4 8.
Nxe4 Nxe4 9. Bxe4 exd4 10. Nxd4 Nc5 11. Bf3 O-O 12. Nb5 Be5 13. Be3 Na4 14.
Qxd8 Rxd8 15. Nxa7 Nxb2 16. Nxc8 Raxc8 17. Bxb7 Rb8 18. Ba6 Ra8 19. Bb5 Na4 20.
Rae1 Nc3 21. Bg5 f6 22. Bc4+ Kf8 23. Rxe5 fxe5 24. Bxd8 Rxd8 25. Re1 Rd4 26.
Bf1 Rd2 27. Rxe5 Rxc2 28. f4 Nxa2 29. Bd3 Rc1+ 30. Kf2 g6 31. f5 Nb4 32. Be4
gxf5 33. Rxf5+ Kg7 34. Rg5+ Kf6 35. Rh5 c5 36. Rxh7 Ke5 37. Re7+ Kd4 38. g4 c4
39. g5 Nd3+ 40. Bxd3 cxd3 41. Rd7+ Ke4 42. g6 Rc2+ 43. Kg3 Rc6 44. g7 Rg6+ 45.
Kh4 d2 46. Rxd2 Rxg7 47. Kh5 Rh7+ 48. Kg5 Rg7+ 49. Kh6 Rg8 50. h4 Rh8+ 51. Kg5
Rg8+ 52. Kf6 Rh8 53. Rh2 Kf4 54. h5 Rh6+ 55. Kg7 Ra6 56. h6 Ra7+ 57. Kf6 Ra6+
58. Kf7 Ra7+ 59. Ke6 Ra6+ 60. Kd5 Ra5+ 61. Kc6 Ra8 62. h7 Rh8 63. Kd6 Kf5 64.
Ke7 Kg6 65. Rg2+ Kxh7 66. Kf7 1-0

[Event "9. United Insurance 2009"]
[Site "Dahka BAN"]
[Date "2009.08.21"]
[Round "1.12"]
[White "Tandukar, Naveen"]
[Black "Minhazuddin, Ahmed"]
[Result "1/2-1/2"]
[WhiteElo "2133"]
[BlackElo "2391"]
[PlyCount "120"]
[EventDate "2009.08.21"]
[EventType "swiss"]
[EventRounds "10"]
[EventCountry "BAN"]
[Source "lmi"]
[SourceDate "2009.08.21"]

1. e4 e5 2. Nf3 Nf6 3. d3 Nc6 4. Be2 d5 5. exd5 Nxd5 6. h3 Be7 7. O-O O-O 8.
Re1 f5 9. Bf1 Bf6 10. c3 Re8 11. Qc2 Kh8 12. Na3 Be6 13. Nc4 Bf7 14. a4 Bh5 15.
Nh2 Qd7 16. a5 b5 17. Ne3 b4 18. Bd2 Rad8 19. Nxd5 Qxd5 20. cxb4 Nd4 21. Qxc7
Nb3 22. Bc3 Nxa1 23. Rxa1 Rd7 24. Qc4 Qd6 25. Re1 Bf7 26. Qc5 Bd5 27. d4 Qb8
28. dxe5 Be7 29. Qb5 Qd8 30. Qe2 Qb8 31. b5 Bc5 32. Nf3 Be4 33. Ng5 h6 34. Nxe4
fxe4 35. Qxe4 Rf8 36. Re3 Rd1 37. Be1 Rxe1 38. Rxe1 Bxf2+ 39. Kh1 Bxe1 40. Bd3
g6 41. Qxg6 Qc7 42. Qxh6+ Kg8 43. b6 axb6 44. axb6 Qf7 45. b3 Bg3 46. Bc4 Qxc4
47. Qxf8+ Kxf8 48. bxc4 Ke7 49. c5 Kd7 50. e6+ Kxe6 51. c6 Bf2 52. b7 Bg3 53.
Kg1 Kd5 54. c7 Bxc7 55. g4 Kc6 56. Kf2 Kxb7 57. Kf3 Kc6 58. Ke4 Bd8 59. Kf5 Kd7
60. Kg6 Ke6 1/2-1/2

[Event "9. United Insurance 2009"]
[Site "Dahka BAN"]
[Date "2009.08.21"]
[Round "1.13"]
[White "Abu Sufian, Shakil"]
[Black "Hasan Md, Emam"]
[Result "0-1"]
[WhiteElo "2372"]
[BlackElo "2130"]
[PlyCount "88"]
[EventDate "2009.08.21"]
[EventType "swiss"]
[EventRounds "10"]
[EventCountry "BAN"]
[Source "lmi"]
[SourceDate "2009.08.21"]

1. e4 Nf6 2. e5 Nd5 3. d4 d6 4. c4 Nb6 5. Nf3 g6 6. Be2 Bg7 7. exd6 cxd6 8. Nc3
O-O 9. O-O Bg4 10. Be3 Nc6 11. b3 e5 12. dxe5 dxe5 13. Rc1 Nd4 14. Nxd4 exd4
15. Bxd4 Bxd4 16. Bxg4 Qf6 17. Qf3 Qg7 18. Nb5 Bb2 19. Rc2 f5 20. Bh3 Be5 21.
g3 f4 22. g4 a6 23. Nc3 Nd7 24. Bg2 Rae8 25. Rd1 Nb8 26. Ne2 Nc6 27. Rcd2 Re7
28. Qd5+ Kh8 29. Bf3 Qh6 30. Kg2 Qh4 31. Qc5 Bb8 32. Ng1 Ba7 33. Qa3 h5 34. h3
Ne5 35. Qb2 hxg4 36. hxg4 Kh7 37. Re2 Be3 38. fxe3 Qg3+ 39. Kf1 Nxf3 40. Rg2
Rd8 41. Rc1 Nd2+ 42. Rxd2 Rxd2 43. Qxd2 fxe3 44. Qd5 Qf2# 0-1

[Event "9. United Insurance 2009"]
[Site "Dahka BAN"]
[Date "2009.08.21"]
[Round "1.14"]
[White "Karma, Pandya"]
[Black "Sareen, Vishal"]
[Result "0-1"]
[WhiteElo "2128"]
[BlackElo "2369"]
[PlyCount "58"]
[EventDate "2009.08.21"]
[EventType "swiss"]
[EventRounds "10"]
[EventCountry "BAN"]
[Source "lmi"]
[SourceDate "2009.08.21"]

1. e4 c5 2. Nf3 d6 3. d4 cxd4 4. Nxd4 Nf6 5. Nc3 a6 6. Bc4 e6 7. Bb3 Nc6 8. Be3
Qc7 9. O-O Be7 10. f4 O-O 11. f5 Nxd4 12. Bxd4 b5 13. Qe2 b4 14. Na4 e5 15. Nb6
exd4 16. Nxa8 Qb8 17. g4 Qxa8 18. e5 dxe5 19. g5 Bc5 20. Qxe5 Nd7 21. Qd5 d3+
22. Rf2 Qxd5 23. Bxd5 Ne5 24. Kg2 Bxf2 25. Kxf2 Bxf5 26. cxd3 Nxd3+ 27. Ke3
Nxb2 28. Rf1 Be6 29. Bb3 Nc4+ 0-1

[Event "9. United Insurance 2009"]
[Site "Dahka BAN"]
[Date "2009.08.21"]
[Round "1.15"]
[White "Praveen Kumar, C."]
[Black "Shrestha, Bilam Lal"]
[Result "1-0"]
[WhiteElo "2363"]
[BlackElo "2106"]
[PlyCount "93"]
[EventDate "2009.08.21"]
[EventType "swiss"]
[EventRounds "10"]
[EventCountry "BAN"]
[Source "lmi"]
[SourceDate "2009.08.21"]

1. d4 Nf6 2. c4 e6 3. Nc3 d5 4. cxd5 exd5 5. Bg5 Be7 6. e3 Nbd7 7. Bd3 c6 8.
Qc2 O-O 9. Nge2 Re8 10. O-O Nf8 11. f3 h6 12. Bh4 Ne6 13. Rad1 Nh5 14. Bf2 Bh4
15. Ng3 Nxg3 16. hxg3 Bf6 17. Ne2 Ng5 18. e4 dxe4 19. fxe4 Bg4 20. e5 Be7 21.
Bf5 Bxf5 22. Qxf5 Qc8 23. g4 g6 24. Qf4 Qe6 25. Nc3 Rad8 26. Be3 Rd7 27. Rd2
Bf8 28. Qg3 Nh7 29. Ne4 c5 30. Nxc5 Bxc5 31. dxc5 Rxd2 32. Bxd2 Qxe5 33. Qxe5
Rxe5 34. b4 Re2 35. Rd1 f6 36. Bxh6 Kf7 37. Rd7+ Re7 38. Rxe7+ Kxe7 39. Kf2 Ke6
40. Ke3 Kd5 41. Kd3 a5 42. a3 f5 43. g5 axb4 44. axb4 f4 45. Kc3 Ke4 46. b5 Kd5
47. Kb4 1-0

[Event "9. United Insurance 2009"]
[Site "Dahka BAN"]
[Date "2009.08.21"]
[Round "1.16"]
[White "Shamima, Akter Liza"]
[Black "Lahiri, Atanu"]
[Result "0-1"]
[WhiteElo "2100"]
[BlackElo "2361"]
[PlyCount "66"]
[EventDate "2009.08.21"]
[EventType "swiss"]
[EventRounds "10"]
[EventCountry "BAN"]
[Source "lmi"]
[SourceDate "2009.08.21"]

1. d4 Nf6 2. c4 g6 3. Nc3 Bg7 4. e4 d6 5. Be2 O-O 6. Bg5 Na6 7. Qd2 e5 8. d5
Qe8 9. Bd1 Bd7 10. Nge2 Nh5 11. Ng3 Nf4 12. O-O f5 13. exf5 Bxf5 14. Bxf4 exf4
15. Nxf5 Rxf5 16. Bg4 Rf8 17. Rae1 Be5 18. Nb5 Qe7 19. Nd4 Qf6 20. Ne6 Rf7 21.
Re2 Kh8 22. Rfe1 Re8 23. a3 c5 24. Qc2 Rb8 25. Qb3 Re7 26. g3 g5 27. Kg2 Nc7
28. Rxe5 dxe5 29. Nxc5 Qg6 30. Ne4 Ne8 31. c5 h5 32. d6 Rg7 33. Be6 Nf6 0-1

[Event "9. United Insurance 2009"]
[Site "Dahka BAN"]
[Date "2009.08.21"]
[Round "1.18"]
[White "Abdullah, Al-Saif"]
[Black "Rahman, Md. Taibur"]
[Result "0-1"]
[WhiteElo "2083"]
[BlackElo "2316"]
[PlyCount "54"]
[EventDate "2009.08.21"]
[EventType "swiss"]
[EventRounds "10"]
[EventCountry "BAN"]
[Source "lmi"]
[SourceDate "2009.08.21"]

1. e4 c5 2. Nf3 Nc6 3. d4 cxd4 4. Nxd4 e5 5. Nb5 d6 6. c4 Be7 7. N1c3 a6 8. Na3
f5 9. exf5 Bxf5 10. Bd3 Be6 11. Nc2 Nf6 12. O-O O-O 13. b3 Kh8 14. Bb2 Qe8 15.
Ne4 Nh5 16. Ne3 Nf4 17. Ng3 Rf6 18. Be4 Qf7 19. Bc3 Rd8 20. Nd5 Rh6 21. Qf3 Bg5
22. Rad1 Rf8 23. Ne2 Nh3+ 24. gxh3 Qxf3 25. Bxf3 Rxf3 26. Kg2 Rfxh3 27. Rh1 Bg4
0-1

[Event "9. United Insurance 2009"]
[Site "Dahka BAN"]
[Date "2009.08.21"]
[Round "1.19"]
[White "Grover, Sahaj"]
[Black "Ikramul, Haque Siam"]
[Result "1-0"]
[WhiteElo "2310"]
[BlackElo "1984"]
[PlyCount "67"]
[EventDate "2009.08.21"]
[EventType "swiss"]
[EventRounds "10"]
[EventCountry "BAN"]
[Source "lmi"]
[SourceDate "2009.08.21"]

1. e4 c5 2. Nf3 e6 3. d4 cxd4 4. Nxd4 Nf6 5. Nc3 Nc6 6. Ndb5 Bb4 7. a3 Bxc3+ 8.
Nxc3 d5 9. exd5 Nxd5 10. Nxd5 exd5 11. Bd3 O-O 12. O-O Ne5 13. Bxh7+ Kxh7 14.
Qh5+ Kg8 15. Qxe5 Re8 16. Qg3 Qf6 17. c3 Bf5 18. Be3 Qe5 19. Qxe5 Rxe5 20. Rfe1
a5 21. a4 Ra6 22. Red1 Be4 23. Bf4 Rf5 24. Bg3 Rh5 25. f3 Bg6 26. Rd2 f6 27.
Re1 Kf8 28. Bf4 Bf7 29. g4 Rh4 30. c4 Be6 31. cxd5 Bd7 32. Rc2 Bxg4 33. fxg4
Rxg4+ 34. Bg3 1-0

[Event "9. United Insurance 2009"]
[Site "Dahka BAN"]
[Date "2009.08.21"]
[Round "1.20"]
[White "Sultana, Sharmin Shirin"]
[Black "Bitan, Banerjee"]
[Result "0-1"]
[WhiteElo "1974"]
[BlackElo "2306"]
[PlyCount "126"]
[EventDate "2009.08.21"]
[EventType "swiss"]
[EventRounds "10"]
[EventCountry "BAN"]
[Source "lmi"]
[SourceDate "2009.08.21"]

1. d4 Nf6 2. c4 g6 3. Nc3 Bg7 4. e4 d6 5. Be2 O-O 6. Bg5 Na6 7. Qd2 e5 8. d5
Qe8 9. h3 Nc5 10. Bxf6 Bxf6 11. g4 a6 12. O-O-O Bd7 13. Kb1 b5 14. Bd3 Qb8 15.
Nf3 bxc4 16. Bxc4 Qb4 17. Qe2 Rfb8 18. Rc1 Bb5 19. Bxb5 axb5 20. g5 Be7 21. h4
Qa5 22. b3 b4 23. Nd1 Nxe4 24. Rc4 Nc5 25. Qc2 Ra7 26. h5 Rba8 27. hxg6 fxg6
28. Rch4 Qxa2+ 29. Qxa2 Rxa2 30. Rxh7 Ra1+ 31. Kc2 R8a2+ 32. Nb2 Rxh1 33. Rxh1
e4 34. Nd2 Bxg5 35. Ndc4 Bf6 36. Kb1 Ra8 37. Kc2 Ra3 38. Nxa3 bxa3 39. Nd1 Nd3
40. b4 a2 41. Nc3 Nxb4+ 42. Kb3 Bxc3 43. Kxc3 Nxd5+ 44. Kb3 Kf7 45. Kxa2 Ke6
46. Kb3 Nf4 47. Kc3 c5 48. Re1 d5 49. Kd2 Kf5 50. Ra1 Ne6 51. Ra8 d4 52. Rc8
Ke5 53. Rg8 g5 54. Rg6 c4 55. Rh6 Kd5 56. Rh8 c3+ 57. Kc2 Kc4 58. Ra8 Nc5 59.
Kc1 d3 60. Kd1 Kd5 61. Rd8+ Ke5 62. Rb8 Na4 63. Rc8 Nb2+ 0-1

[Event "9. United Insurance 2009"]
[Site "Dahka BAN"]
[Date "2009.08.22"]
[Round "2.1"]
[White "Sareen, Vishal"]
[Black "Mchedlishvili, Mikheil"]
[Result "0-1"]
[WhiteElo "2369"]
[BlackElo "2592"]
[PlyCount "84"]
[EventDate "2009.08.21"]
[EventType "swiss"]
[EventRounds "10"]
[EventCountry "BAN"]
[Source "lmi"]
[SourceDate "2009.08.21"]

1. e4 c6 2. d4 d5 3. Nc3 dxe4 4. Nxe4 Bf5 5. Ng3 Bg6 6. h4 h6 7. Nf3 e6 8. h5
Bh7 9. Bd3 Bxd3 10. Qxd3 Nf6 11. Bd2 Nbd7 12. O-O-O Be7 13. Rhe1 O-O 14. Qe2
Re8 15. Ne5 Bd6 16. Ne4 Nxe4 17. Qxe4 Qe7 18. g4 Rad8 19. g5 hxg5 20. Bxg5 f6
21. Nxd7 Qxd7 22. Be3 Qf7 23. h6 g6 24. h7+ Kh8 25. Rg1 g5 26. Kb1 Be7 27. Bc1
f5 28. Qe2 f4 29. f3 Qf5 30. b3 Bf6 31. Bb2 Rd7 32. Rh1 Rxh7 33. Rxh7+ Kxh7 34.
Rh1+ Kg6 35. Re1 Kf7 36. Qc4 Qb5 37. Qc3 Rd8 38. Qd2 Qd5 39. Rh1 Qxf3 40. Rh7+
Kg6 41. Rxb7 Qh1+ 42. Bc1 Rxd4 0-1

[Event "9. United Insurance 2009"]
[Site "Dahka BAN"]
[Date "2009.08.22"]
[Round "2.4"]
[White "Rahman, Md. Taibur"]
[Black "Ismagambetov, Anuar"]
[Result "1/2-1/2"]
[WhiteElo "2316"]
[BlackElo "2531"]
[PlyCount "51"]
[EventDate "2009.08.21"]
[EventType "swiss"]
[EventRounds "10"]
[EventCountry "BAN"]
[Source "lmi"]
[SourceDate "2009.08.21"]

1. d4 Nf6 2. c4 e6 3. Nf3 b6 4. g3 Bb7 5. Bg2 Be7 6. O-O O-O 7. Nc3 Ne4 8. Bd2
f5 9. Qc2 Bf6 10. Rad1 d6 11. d5 Bxc3 12. Bxc3 e5 13. Nd2 Nxc3 14. Qxc3 a5 15.
b3 Nd7 16. a3 e4 17. f3 exf3 18. Nxf3 Bc8 19. Rde1 Qe7 20. Nd4 Nc5 21. b4 axb4
22. axb4 Ne4 23. Qe3 Bd7 24. Bxe4 Rae8 25. Ne6 Bxe6 26. dxe6 1/2-1/2

[Event "9. United Insurance 2009"]
[Site "Dahka BAN"]
[Date "2009.08.22"]
[Round "2.6"]
[White "Bitan, Banerjee"]
[Black "Khusnutdinov, Rustam"]
[Result "1/2-1/2"]
[WhiteElo "2306"]
[BlackElo "2506"]
[PlyCount "48"]
[EventDate "2009.08.21"]
[EventType "swiss"]
[EventRounds "10"]
[EventCountry "BAN"]
[Source "lmi"]
[SourceDate "2009.08.21"]

1. d4 Nf6 2. c4 e6 3. Nf3 b6 4. g3 Bb4+ 5. Bd2 a5 6. Bg2 Ba6 7. Ne5 Ra7 8. Bxb4
axb4 9. a3 Bc8 10. Nd3 bxa3 11. Nxa3 Nc6 12. d5 Nb8 13. d6 O-O 14. dxc7 Qxc7
15. O-O Nc6 16. Nb5 Rxa1 17. Qxa1 Qb8 18. Qa3 d5 19. Nf4 Rd8 20. cxd5 Nxd5 21.
Nxd5 exd5 22. Qc3 Ne5 23. Rd1 Be6 24. Qd4 Nc6 1/2-1/2

[Event "9. United Insurance 2009"]
[Site "Dahka BAN"]
[Date "2009.08.22"]
[Round "2.7"]
[White "Reefat, Bin-Sattar"]
[Black "Grover, Sahaj"]
[Result "1-0"]
[WhiteElo "2486"]
[BlackElo "2310"]
[PlyCount "81"]
[EventDate "2009.08.21"]
[EventType "swiss"]
[EventRounds "10"]
[EventCountry "BAN"]
[Source "lmi"]
[SourceDate "2009.08.21"]

1. e4 e5 2. Nf3 Nc6 3. Bc4 Nf6 4. d3 Bc5 5. c3 O-O 6. b4 Be7 7. Bb3 a6 8. Bg5
h6 9. Bxf6 Bxf6 10. Nbd2 d6 11. Nf1 Be6 12. Ne3 Ne7 13. Bxe6 fxe6 14. h4 g6 15.
h5 g5 16. g3 Qd7 17. Kf1 a5 18. a3 axb4 19. axb4 Qb5 20. Rxa8 Rxa8 21. Ng4 Bg7
22. Kg2 Kh7 23. Qd2 Ng8 24. d4 Nf6 25. c4 Qa4 26. Nxf6+ Bxf6 27. d5 Qe8 28. Qc2
Ra3 29. c5 Qf7 30. cxd6 cxd6 31. Nd2 Ra8 32. dxe6 Qxe6 33. Rc1 Bd8 34. Qc4 Qe7
35. Qd5 Ra4 36. Nc4 Rxb4 37. Ra1 g4 38. Rd1 Bc7 39. Ne3 Qe8 40. Nxg4 Kg7 41.
Qd2 1-0

[Event "9. United Insurance 2009"]
[Site "Dahka BAN"]
[Date "2009.08.22"]
[Round "2.8"]
[White "Hasan Md, Emam"]
[Black "Neelotpal, Das"]
[Result "0-1"]
[WhiteElo "2130"]
[BlackElo "2474"]
[PlyCount "51"]
[EventDate "2009.08.21"]
[EventType "swiss"]
[EventRounds "10"]
[EventCountry "BAN"]
[Source "lmi"]
[SourceDate "2009.08.21"]

1. e4 c5 2. Nc3 e6 3. g3 d5 4. exd5 exd5 5. d4 cxd4 6. Qxd4 Nf6 7. Bg5 Be7 8.
O-O-O Nc6 9. Qa4 Be6 10. Bg2 Qb6 11. Qb5 Qxf2 12. Qxb7 O-O 13. Qxc6 Qxg2 14.
Nge2 Rfc8 15. Qb7 Bc5 16. Bxf6 Rab8 17. Qa6 gxf6 18. Qd3 Bg4 19. Nf4 Qf2 20.
Ncxd5 Bxd1 21. Rxd1 Rc6 22. Rf1 Qxh2 23. Ne2 Re8 24. Nef4 Be3+ 25. Nxe3 Rxe3
26. Qf5 0-1

[Event "9. United Insurance 2009"]
[Site "Dahka BAN"]
[Date "2009.08.22"]
[Round "2.9"]
[White "Barua, Dibyendu"]
[Black "Hamal, Manish"]
[Result "1-0"]
[WhiteElo "2473"]
[BlackElo "2086"]
[PlyCount "71"]
[EventDate "2009.08.21"]
[EventType "swiss"]
[EventRounds "10"]
[EventCountry "BAN"]
[Source "lmi"]
[SourceDate "2009.08.21"]

1. e4 e6 2. d4 d5 3. Nd2 Nf6 4. e5 Nfd7 5. Bd3 c5 6. c3 Nc6 7. Ne2 cxd4 8. cxd4
f6 9. exf6 Nxf6 10. Nf3 Bd6 11. O-O O-O 12. Nc3 a6 13. Bg5 Qc7 14. Rc1 Bd7 15.
Bh4 Rae8 16. Re1 Bf4 17. Rc2 Qd6 18. a3 Ng4 19. h3 Nf6 20. Rce2 g6 21. Bb1 Nh5
22. Ne5 Nxe5 23. dxe5 Qb6 24. g4 Ng3 25. Re3 Bxe3 26. Rxe3 Bc6 27. Bf6 Ne4 28.
Nxe4 dxe4 29. Bxe4 Rf7 30. Rb3 Ba4 31. Rxb6 Bxd1 32. b4 Rc7 33. Kg2 Kf7 34. Kg3
Rb8 35. Kf4 Ba4 36. Bd3 1-0

[Event "9. United Insurance 2009"]
[Site "Dahka BAN"]
[Date "2009.08.22"]
[Round "2.10"]
[White "Hossain, Enamul"]
[Black "Tandukar, Naveen"]
[Result "1-0"]
[WhiteElo "2531"]
[BlackElo "2133"]
[PlyCount "85"]
[EventDate "2009.08.21"]
[EventType "swiss"]
[EventRounds "10"]
[EventCountry "BAN"]
[Source "lmi"]
[SourceDate "2009.08.21"]

1. e4 c5 2. Nf3 d6 3. c3 Nf6 4. Be2 Nc6 5. d4 Qc7 6. d5 Nb8 7. h3 Nbd7 8. Nbd2
g6 9. O-O Bg7 10. Re1 O-O 11. Bf1 a6 12. a4 b6 13. Nc4 Bb7 14. Qb3 Rab8 15. Bf4
Ne8 16. Qd1 Bc8 17. e5 Bb7 18. exd6 exd6 19. Rxe8 Rbxe8 20. Bxd6 Qd8 21. Bxf8
Bxf8 22. Ne3 Bh6 23. Ng4 Bf4 24. Qb3 h5 25. Ngh2 Nf6 26. c4 a5 27. Bd3 Ne4 28.
Re1 Nd6 29. Rxe8+ Nxe8 30. Nf1 Bc7 31. N1d2 f5 32. Bc2 Bc8 33. Qe3 Kg7 34. Ng5
Nf6 35. Ndf3 Qd6 36. b3 Kf8 37. g3 Qe7 38. Ne6+ Bxe6 39. dxe6 Kg7 40. Nh4 f4
41. gxf4 Nd5 42. cxd5 Qxh4 43. e7 1-0

[Event "9. United Insurance 2009"]
[Site "Dahka BAN"]
[Date "2009.08.22"]
[Round "2.12"]
[White "Nepali, Badrilal"]
[Black "Abu Sufian, Shakil"]
[Result "0-1"]
[WhiteElo "2162"]
[BlackElo "2372"]
[PlyCount "84"]
[EventDate "2009.08.21"]
[EventType "swiss"]
[EventRounds "10"]
[EventCountry "BAN"]
[Source "lmi"]
[SourceDate "2009.08.21"]

1. e4 c5 2. Nf3 d6 3. d4 cxd4 4. Nxd4 Nf6 5. Nc3 g6 6. Be3 Bg7 7. f3 Nc6 8. Qd2
O-O 9. Bc4 Bd7 10. O-O-O Rc8 11. Bb3 Ne5 12. h4 h5 13. Bh6 Bxh6 14. Qxh6 Rxc3
15. bxc3 Qa5 16. Qe3 Rc8 17. Kb2 Qb6 18. Ka1 a5 19. Nf5 Qxe3 20. Nxe3 b5 21. a4
Rxc3 22. Rhe1 bxa4 23. Bd5 Kf8 24. Rb1 e6 25. Ba2 Nc6 26. Kb2 Rc5 27. Red1 Ke7
28. c3 Ne5 29. Kc2 Bb5 30. Kd2 Nfd7 31. Rb2 a3 32. Rbb1 Nb6 33. f4 Nec4+ 34.
Bxc4 Nxc4+ 35. Nxc4 Bxc4 36. Rb7+ Kf8 37. Kc2 d5 38. f5 gxf5 39. exf5 exf5 40.
Re1 a4 41. Ree7 d4 42. cxd4 Bb3+ 0-1